000 01133cam a2200265 4500
001 X113188
008 000000n2001 000 0 eng u
035 _a(Sirsi) u113188
100 _aWillock, R.
245 _aSkilled workers in short supply
260 _c2001
490 _aContract Journal
_v408(6329) 31 May 2001, 18-21(4)
520 _aAn analysis of the results of a survey of construction firms on e-business, economics, personnel and tax carried out by Grant Thornton and Contract Journal which has revealed that the current skills shortage is the biggest problem facing the industry. In addition to the scarcity of labour the report found that retaining and motivating staff, red tape concerning employees' rights and succession planning were major concerns for the respondents. Graphs, charts.
650 _aCONSTRUCTION COMPANIES
650 _aCONSTRUCTION INDUSTRY
650 _aEBUSINESS
650 _aEMPLOYEES RIGHTS
650 _aPERSONNEL
650 _aRED TAPE
650 _aSKILLS SHORTAGES
650 _aSTAFF RETENTION
650 _aTAX BURDEN
690 _aBUILT ENVIRONMENT
942 _n0
999 _c67404
_d67404